RICS Valuation - Professional Standards UK (Record no. 115384)

MARC details
000 -LEADER
fixed length control field 01877cad a22003255a 4500
001 - CONTROL NUMBER
control field L158561
008 - FIXED-LENGTH DATA ELEMENTS--GENERAL INFORMATION
fixed length control field 131031s2015 xxk f f 001 0 eng d
020 ## - INTERNATIONAL STANDARD BOOK NUMBER
International Standard Book Number 9781783211050
035 ## - SYSTEM CONTROL NUMBER
System control number (Sirsi) u158561
041 0# - LANGUAGE CODE
Language code of text/sound track or separate title eng
050 04 - LIBRARY OF CONGRESS CALL NUMBER
Classification number 333.332 $2 18
110 2# - MAIN ENTRY--CORPORATE NAME
Corporate name or jurisdiction name as entry element Royal Institution of Chartered Surveyors
9 (RLIN) 4900
240 00 - UNIFORM TITLE
Uniform title Red Book
245 00 - TITLE STATEMENT
Title RICS Valuation - Professional Standards UK
Remainder of title January 2014 (revised April 2015)
Medium [electronic resource]
Statement of responsibility, etc. [old edition]
260 ## - PUBLICATION, DISTRIBUTION, ETC.
Place of publication, distribution, etc. London
Name of publisher, distributor, etc. RICS
Date of publication, distribution, etc. 2015
300 ## - PHYSICAL DESCRIPTION
Extent 216 p.
490 #0 - SERIES STATEMENT
Series statement RICS Guidance Note
490 #0 - SERIES STATEMENT
Series statement RICS Valuation Standards
490 #0 - SERIES STATEMENT
Series statement RICS Professional Standards Global and UK
490 ## - SERIES STATEMENT
Series statement RICS Red Book
505 2# - FORMATTED CONTENTS NOTE
Formatted contents note RICS UK Valuation Standards -- RICS UK Appendices -- RICS UK guidance notes
520 ## - SUMMARY, ETC.
Summary, etc. The UK and global portions are now issued separately. APRIL 2015 UPDATE: RICS Valuation Standards as they apply in the UK have been updated with effect from the date of publication on 27 April 2015. The RICS UK Valuation Standards are national valuation standards and supporting guidance to be read in conjunction with the global RICS Valuation - Professional Standards January 2014.
520 ## - SUMMARY, ETC.
Summary, etc. The RICS material included in the January 2014 edition took effect from 6 January 2014 and applies to all valuations where the valuation date is on or after that day.
520 ## - SUMMARY, ETC.
Summary, etc. It replaces UK part of the RICS Red Book 2014 (L158006). Effective until 13 January 2019 Superseded by RICS Valuation Global Standards 2017 UK National Supplement ISBN 9781783213276
650 24 - SUBJECT ADDED ENTRY--TOPICAL TERM
Topical term or geographic name entry element RICS VALUATION STANDARDS
651 #4 - SUBJECT ADDED ENTRY--GEOGRAPHIC NAME
Geographic name United Kingdom
690 ## - LOCAL SUBJECT ADDED ENTRY--TOPICAL TERM (OCLC, RLIN)
Topical term or geographic name as entry element Valuation
9 (RLIN) 6273
856 40 - ELECTRONIC LOCATION AND ACCESS
Uniform Resource Identifier <a href="https://www.isurv.com/downloads/file/6461/archive_rics_valuation_%E2%80%93_professional_standards_january_2014_uk_revised_april_2015">https://www.isurv.com/downloads/file/6461/archive_rics_valuation_%E2%80%93_professional_standards_january_2014_uk_revised_april_2015</a>
Public note Archived on iSurv (subscription required)
942 ## - ADDED ENTRY ELEMENTS (KOHA)
Suppress in OPAC 0
Source of classification or shelving scheme Dewey Decimal Classification
Holdings
Withdrawn status Lost status Source of classification or shelving scheme Damaged status Not for loan Home library Current library Shelving location Date acquired Total Checkouts Full call number Barcode Date last seen Copy number Price effective from Koha item type
    Dewey Decimal Classification     London London RICS Boxes 25/06/2015   RICS 2015/6 ROY 30078925 06/08/2019 1 06/08/2019 Reference material
    Dewey Decimal Classification     London London RICS Boxes 25/06/2015   RICS 2015/6 ROY 30078926 06/08/2019 2 06/08/2019 Book
    Dewey Decimal Classification     Virtual Virtual Online 28/04/2015   iSurv 158561-2001 13/04/2023 3 06/08/2019 Online material